The secret of the old clock #1/ Carolyn Keene ... Read More
Available copies
- 7 of 7 copies available at LARL/NWRL Consortium. (Show)
- 7 of 7 copies available at Northwest Regional Library.
Current holds
0 current holds with 7 total copies.
Show All Copies
| Location | Call Number / Copy Notes | Barcode | Shelving Location | Status | Due Date |
|---|---|---|---|---|---|
| Godel Memorial-Warren Library | j KEE (Text) | 35500006845166 | Main | Available | - |
| Hallock Public Library | j KEE (Text) | 35500005802986 | Main | Available | - |
| Karlstad LINK Site | j KEE (Text) | 35500004437891 | Main | Available | - |
| Red Lake Falls Public Library | j KEE (Text) | 35500006825754 | Main | Available | - |
| Thief River Falls Public Library | j KEE (Text) | 35500001506086 | Main | Available | - |
| Warroad Public Library | j KEE (Text) | 35500003988571 | Main | Available | - |
| Warroad Public Library | j KEE (Text) | 35500001685997 | Main | Available | - |
Record details
- ISBN: 0448095017 (1993 printing)
- ISBN: 9780448095011
- Physical Description: 180 p. ; : ill. ; 20 cm.
- Publisher: New York : Grosset & Dunlap, c1987.
Search for related items by subject
| Genre: | Detective and mystery stories. |
Search for related items by series
| LDR | 01874cam a2200349 4500 | ||
|---|---|---|---|
| 001 | 3108 | ||
| 003 | LARL_NWRL_CONSORTIUM | ||
| 005 | 20241025171254.0 | ||
| 008 | 790522r19871959nyua j 000 1 eng d | ||
| 020 | . | ‡a0448095017 (1993 printing) | |
| 020 | . | ‡a9780448095011 | |
| 035 | . | ‡a(OCoLC)4991145 | |
| 092 | . | ‡aFic ‡bKe | |
| 092 | . | ‡aj-FICTION | |
| 099 | . | ‡aKee | |
| 100 | 1 | . | ‡aKeene, Carolyn. ‡0(LARL_NWRL_CONSORTIUM)58935 |
| 245 | 1 | 4. | ‡aThe secret of the old clock ‡n#1/ ‡cCarolyn Keene [pseud.] |
| 260 | . | ‡aNew York : ‡bGrosset & Dunlap, ‡cc1987. | |
| 300 | . | ‡a180 p. ; : ‡bill. ; ‡c20 cm. | |
| 490 | 0 | . | ‡aNancy Drew mystery stories; ‡v1 |
| 655 | 0. | ‡aDetective and mystery stories. | |
| 901 | . | ‡a3108 ‡bOCLC ‡c3108 ‡tbiblio | |

Add to basket
Permalink
Disable Highlighting